Préfectures et sous-préfectures de la Corse et d'outre-mer - Statistiques

Statistiques générales
  • Ce quiz a été pris 134 fois
  • Le résultat moyen est 13 sur 19
Statistiques - réponses
Réponse % Correct
Ajaccio
98%
Bastia
98%
Saint-Denis
90%
Cayenne
86%
Mamoudzou
86%
Basse-Terre
84%
Fort-de-France
84%
Corte
76%
Saint-Pierre
76%
Saint-Pierre
76%
Calvi
73%
Saint-Paul
71%
Pointe-à-Pitre
59%
Saint-Laurent-du-Maroni
57%
Sartène
55%
Saint-Benoît
45%
La Trinité
37%
Saint-Georges
33%
Le Marin
31%
Aucun quiz correspondant
Distribution des résultats
% des personnes avec chaque résultat
Percentile par nombre de réponses
Votre historique - résultats
Vous n’avez pas pris ce quiz